| 000 | 00429nam a2200157Ia 4500 | ||
|---|---|---|---|
| 008 | 160316s1994 xxu||||| |||| 00| 0 eng d | ||
| 082 |
_a342.000000 _bJAI-I |
||
| 100 | _aJain M P | ||
| 245 | _aCases and materials on Indian administrative law Vol I | ||
| 250 | _a | ||
| 260 |
_aNagpur _bWadhwa & Co. _c1994 |
||
| 300 |
_a967p _b _cxix |
||
| 365 | _b Rs.750 | ||
| 650 | _a1. Administrative Law - Cases - Materials | ||
| 700 |
_a _a |
||
| 999 |
_c22497 _d22497 |
||